000 00666nam a2200205 i 4500
001 73788
003 ES-MaACL
005 20250803084239.0
007 t|
008 040913s1944 ag ||||1| spa d
100 1 _aGómez de la Serna, Ramón,
_d1888-1963
_957901
245 1 0 _aJosé Gutiérrez-Solana /
_cpor Ramón Gómez de la Serna.
260 _aBuenos Aires :
_bPoseidón,
_c[1944] (
_f[López y Compª])
300 _a193 p., 148 lám. ;
_c24 cm.
490 1 _aVidas y obras
600 1 7 _aGutiérrez Solana, José,
_d1886-1945
_2embne
_961225
830 0 _aVidas y obras
_9183424
852 _aES-MaACL
_jC-4182
_bR.23821
999 _c73788
_d73788